000 00658nam a2200241Ia 4500
005 20260430150656.0
008 008 250103s9999 xx 000 0 eng d
037 _aTheses
040 _aCRL
040 _beng
040 _ceng
041 _2eng
041 _aeng
084 _qCRL
100 _aKM Kamma Au.; Jaggi Chandra K. Gu.
_91238180
245 0 _aOptimizing Inventory Strategies for Flexible Manufacturing Systems
260 _c2024
300 _a138p.
650 _aOperations Research
700 _aUniversity of Delhi. Faculty of Mathematical Sciences. Deptt. of Operational Research
942 _cTH
999 _c1850363
_d1850363